书目信息 |
| 题名: |
语言艺术与写作
|
|
| 作者: | 司红霞 编著 | |
| 分册: | ||
| 出版信息: | 北京 中国传媒大学出版社 2002.05 |
|
| 页数: | 325页 | |
| 开本: | 21cm | |
| 丛书名: | 北京广播学院继续教育学院成教系列教材 | |
| 单 册: | ||
| 中图分类: | H15 | |
| 科图分类: | ||
| 主题词: | 写作--xie zuo--高等教育--成人教育--教材 , 汉语--han yu--语言艺术--高等教育--成人教育--教材 | |
| 电子资源: | ||
| ISBN: | 978-7-81085-003-2 | |
| 000 | 01148nam 2200301 450 | |
| 001 | 012008860873 | |
| 005 | 20080116100154.62 | |
| 010 | @a978-7-81085-003-2@dCNY22.00 | |
| 100 | @a20080115d2002 em y0chiy0120 ea | |
| 101 | 0 | @achi |
| 102 | @aCN@b110000 | |
| 105 | @ay a 000yy | |
| 106 | @ar | |
| 200 | 1 | @a语言艺术与写作@Ayu yan yi shu yu xie zuo@f司红霞编著@Fsi hong xia bian zhu |
| 210 | @a北京@c中国传媒大学出版社@d2002.05 | |
| 215 | @a325页@d21cm | |
| 225 | 2 | @a北京广播学院继续教育学院成教系列教材@Abei jing guang bo xue yuan ji xu jiao yu xue yuan cheng jiao xi lie jiao cai@v1 |
| 312 | @a英文并列题名取自封底。 | |
| 320 | @a有书目 (第323-324页) | |
| 330 | @a本书作者积累多年课堂实际经验,分三个篇章论述了写作的基本原理及专项训练、语言的基本知识及运用、常见文体写作等内容。 | |
| 410 | 0 | @12001 @a北京广播学院继续教育学院成教系列教材 |
| 510 | 1 | @aLiterary art & writing@zeng |
| 606 | 0 | @a写作@Axie zuo@x高等教育@x成人教育@j教材 |
| 606 | 0 | @a汉语@Ahan yu@x语言艺术@x高等教育@x成人教育@j教材 |
| 690 | @aH15@v4 | |
| 701 | 0 | @a司红霞@Asi hong xia@4编著 |
| 801 | 0 | @aCN@bQSSK@c20080116 |
| 905 | @b279071-73@dH15@eS701@f3 | |
| 语言艺术与写作/司红霞编著.-北京:中国传媒大学出版社,2002.05 |
| 325页;21cm.-(北京广播学院继续教育学院成教系列教材;1) |
| ISBN 978-7-81085-003-2:CNY22.00 |
| 本书作者积累多年课堂实际经验,分三个篇章论述了写作的基本原理及专项训练、语言的基本知识及运用、常见文体写作等内容。 |
| ● |
| 相关链接 |
|
|
|
正题名:语言艺术与写作
索取号:H15/S701
 
预约/预借
| 序号 | 登录号 | 条形码 | 馆藏地/架位号 | 状态 | 备注 |
| 1 | 279071 | 202790710 | 语言库209/209语言库 37排7列1层/ [索取号:H15/S701] | 在馆 | |
| 2 | 279072 | 202790729 | 语言库209/209语言库 74排1列1层/ [索取号:H15/S701] | 在馆 | |
| 3 | 279073 | 202790738 | 语言库209/209语言库 74排1列1层/ [索取号:H15/S701] | 在馆 |